|
|
|
|
| LEADER |
00000nam0a2200000 4500 |
| 001 |
132353 |
| 005 |
20231031134823.0 |
| 035 |
|
|
|a (RuTPU)RU\TPU\book\143309
|
| 090 |
|
|
|a 132353
|
| 100 |
|
|
|a 20080303d1978 km y0rusy50 ca
|
| 101 |
0 |
|
|a rus
|
| 102 |
|
|
|a GE
|
| 105 |
|
|
|a a z 001zy
|
| 200 |
1 |
|
|a Жидкие катоды
|f А. Г. Морачевский, А.Ш. Авалиани, В. Ю. Миндин
|g АН ГССР, Институт неорганической химии и электрохимии
|
| 210 |
|
|
|a Тбилиси
|c Мецниереба
|d 1978
|
| 215 |
|
|
|a 183 с.
|c ил.
|
| 320 |
|
|
|a Библиогр.: с. 179-182.
|
| 610 |
1 |
|
|a жидкие катоды
|
| 610 |
1 |
|
|a расплавленные соли
|
| 610 |
1 |
|
|a электрохимия
|
| 610 |
1 |
|
|a жидкие сплавы
|
| 610 |
1 |
|
|a жидкие электроды
|
| 610 |
1 |
|
|a строение
|
| 610 |
1 |
|
|a термодинамические свойства
|
| 610 |
1 |
|
|a металл
|
| 610 |
1 |
|
|a выделение
|
| 610 |
1 |
|
|a щелочно-земельные металлы
|
| 610 |
1 |
|
|a легкоплавкие металлы
|
| 610 |
1 |
|
|a поляризационные измерения
|
| 610 |
1 |
|
|a математико-статистические модели
|
| 675 |
|
|
|a 621.357.123
|v 3
|
| 700 |
|
1 |
|a Морачевский
|b А. Г.
|g Андрей Георгиевич
|
| 701 |
|
1 |
|a Авалиани
|b А.Ш.
|g Аполлон Шалвович
|
| 701 |
|
1 |
|a Миндин
|b В. Ю.
|g Владимир Юдович
|
| 712 |
0 |
2 |
|a Академия наук Грузинской ССР (АН ГрузССР)
|b Институт неорганической химии и электрохимии
|2 stltpush
|3 (RuTPU)RU\TPU\col\11305
|
| 801 |
|
1 |
|a RU
|b 63413507
|c 20080303
|g PSBO
|
| 801 |
|
2 |
|a RU
|b 63413507
|c 20160421
|g PSBO
|
| 942 |
|
|
|c BK
|